Kvantitatívna analýza trhu práce v EÚ z hľadiska prvkov flexiistoty
Vzájomná závislosť medzi vybranými ukazovateľmi prvkov flexiistoty a ekonomiky. Využitie korelačnej matice vypočítanej z údajov zverejňovaných Eurostatom na vyjadrenie tesnosti závislosti. Medzi rastom HDP a mierou zamestnanosti existuje pozitívna závislosť, avšak jej miera je slabá. To isté platí o...
Gespeichert in:
| 1. Verfasser: | |
|---|---|
| Format: | Buchkapitel |
| Sprache: | Slowakisch |
| Schlagworte: | |
| Tags: |
Keine Tags, Fügen Sie das erste Tag hinzu!
|
MARC
| LEADER | 00000nla$a2200000$$$4500 | ||
|---|---|---|---|
| 001 | 0101136 | ||
| 005 | 20240502072114.7 | ||
| 041 | 0 | |a slo | |
| 044 | |a SK | ||
| 245 | 1 | 0 | |a Kvantitatívna analýza trhu práce v EÚ z hľadiska prvkov flexiistoty |c Ján Kavec |
| 520 | |a Vzájomná závislosť medzi vybranými ukazovateľmi prvkov flexiistoty a ekonomiky. Využitie korelačnej matice vypočítanej z údajov zverejňovaných Eurostatom na vyjadrenie tesnosti závislosti. Medzi rastom HDP a mierou zamestnanosti existuje pozitívna závislosť, avšak jej miera je slabá. To isté platí o vzťahu medzi rastom HDP a priemernou výškou kompenzácií na zamestnanca. Negatívna korelácia medzi tempom rastu jednotkových nákladov práce a mierou účasti na celoživotnom vzdelávaní potvrdzuje dôležitosť aktívnej politiky trhu práce. | ||
| 610 | 2 | 0 | |a trh práce |
| 610 | 2 | 0 | |a analýza kvantitatívna |
| 610 | 2 | 0 | |a matice |
| 610 | 2 | 0 | |a zamestnanosť |
| 610 | 2 | 0 | |a politika zamestnanosti |
| 610 | 2 | 0 | |a ukazovatele |
| 610 | 2 | 0 | |a koeficient korelácie |
| 610 | 2 | 0 | |a vzdelávanie celoživotné |
| 610 | 2 | 0 | |a Európska únia |
| 100 | 1 | |a Kavec, Ján | |